书目信息 |
| 题名: |
失业保险政策解答与业务咨询
|
|
| 作者: | 本书编写组著 | |
| 分册: | ||
| 出版信息: | 北京 中国民主法制出版社 2007.09 |
|
| 页数: | 157页 | |
| 开本: | 24cm | |
| 丛书名: | 金蜘蛛系列丛书 | |
| 单 册: | ||
| 中图分类: | F842.61-44 | |
| 科图分类: | ||
| 主题词: | 失业保险--shi ye bao xian--财政策--中国--问答 | |
| 电子资源: | ||
| ISBN: | 978-7-80219-211-9 | |
| 000 | 00956nam 2200253 450 | |
| 001 | 012007017882 | |
| 005 | 20071227091019.28 | |
| 010 | @a978-7-80219-211-9@dCNY24.00 | |
| 100 | @a20071226d2007 km y0chiy0120 ea | |
| 101 | 0 | @achi |
| 102 | @aCN@b110000 | |
| 105 | @ay z 000yy | |
| 106 | @ar | |
| 200 | 1 | @a失业保险政策解答与业务咨询@Ashi ye bao xian zheng ce jie da yu ye wu zi xun@f本书编写组著@Fben shu bian xie zu zhu |
| 210 | @a北京@c中国民主法制出版社@d2007.09 | |
| 215 | @a157页@d24cm | |
| 225 | 2 | @a金蜘蛛系列丛书@Ajin zhi zhu xi lie cong shu |
| 300 | @a劳动保障、劳动者维权的自助书籍 | |
| 330 | @a本书一本有关中国失业保险的书籍,主要内容包括:基本概念与知识、参保范围与参保登记、失业保险费缴纳、失业保险待遇、失业保险基金运行与管理等。 | |
| 410 | 0 | @12001 @a金蜘蛛系列丛书 |
| 606 | 0 | @a失业保险@Ashi ye bao xian@x财政策@y中国@j问答 |
| 690 | @aF842.61-44@v4 | |
| 801 | 0 | @aCN@bQSSK@c20071227 |
| 905 | @b271875-76@dF842.61-44@eS480@f2 | |
| 失业保险政策解答与业务咨询/本书编写组著.-北京:中国民主法制出版社,2007.09 |
| 157页;24cm.-(金蜘蛛系列丛书) |
| 劳动保障、劳动者维权的自助书籍 |
| ISBN 978-7-80219-211-9:CNY24.00 |
| 本书一本有关中国失业保险的书籍,主要内容包括:基本概念与知识、参保范围与参保登记、失业保险费缴纳、失业保险待遇、失业保险基金运行与管理等。 |
| ● |
| 相关链接 |
|
|
|
正题名:失业保险政策解答与业务咨询
索取号:F842.61-44/S480
 
预约/预借
| 序号 | 登录号 | 条形码 | 馆藏地/架位号 | 状态 | 备注 |
| 1 | 271875 | 202718755 | 社科库409/409社科库 55排4列2层/ [索取号:F842.61-44/S480] | 在馆 | |
| 2 | 271876 | 202718764 | 社科库409/409社科库 55排4列2层/ [索取号:F842.61-44/S480] | 在馆 |